| 000 | 00900nam a2200289 a 4500 | ||
|---|---|---|---|
| 001 | 000107682 | ||
| 003 | CHAP | ||
| 005 | 20220329143939.0 | ||
| 008 | 131011s1984 mx |r| ||||||spa d | ||
| 010 | _a104144 | ||
| 011 | _a105116 | ||
| 020 | _a9682604303 | ||
| 040 | _cCHAP | ||
| 082 | 0 | 4 |
_a545 _bS32 |
| 100 | 1 |
_aSchenk, George H. _9124406 |
|
| 245 | 1 | 0 |
_aQuímica analítica cuantitativa : _bprincipios y aplicaciones a las ciencias de la vida / _cpor Geroge H. Schenk, Richard B. Hahn y Arleigh V. Hartkopf. |
| 260 |
_aMéxico, D.F. : _bCECSA, _c1984. |
||
| 300 | _a602 p. | ||
| 534 |
_pTít. original : _tQuantitative analytical chemistry |
||
| 590 |
_aE11695DGD _b10 _c20131011 _lUCH01 _h0951 |
||
| 650 | 1 | 4 |
_aQuímica analítica cuantitativa. _993587 |
| 700 | 1 |
_aHahn, Richard B. _9124407 |
|
| 700 | 1 |
_aHartkopf, Arleigh V. _9124408 |
|
| 901 | _aBK | ||
| 942 | _cLIBRO | ||
| 942 | _n0 | ||
| 999 |
_c104144 _d104144 |
||